Polskie kluby, które najwięcej razy zagrały w europejskich pucharach - Statystyki

Ogólne statystyki
  • Ten quiz został rozwiązany 49 razy
  • Średni wynik to 10 z 15
Statystyki odpowiedzi
Udziały Klub % Poprawnych
25 Lech Poznań
100%
44 Legia Warszawa
100%
18 Wisła Kraków
95%
21 Górnik Zabrze
83%
14 Widzew Łódź
83%
12 Ruch Chorzów
78%
13 Śląsk Wrocław
75%
8 Pogoń Szczecin
70%
11 GKS Katowice
60%
8 Polonia Warszawa
60%
6 Jagiellonia Białystok
58%
10 Zagłębie Lubin
58%
5 Amica Wronki
35%
6 Zagłębie Sosnowiec
25%
6 Stal Mielec
23%
Nie znaleziono quizów pasujących do podanych kryteriów
Rozkład punktacji
Procent ludzi z każdym wynikiem
Percentyl według liczby udzielonych odpowiedzi
Twoja historia wyników
Nie rozwiązałeś tego quizu